书目信息 |
| 题名: |
破解大学英语四级新题型
|
|
| 作者: | 马会娟 , 管兴忠 , 李志岭 , 鞠鸿达 主编 ;解月 , 杨微丽 , 张莉 编著 | |
| 分册: | 阅读分册 | |
| 出版信息: | 北京 清华大学出版社 2006.02 |
|
| 页数: | 322页 | |
| 开本: | 23cm | |
| 丛书名: | 名师破解 | |
| 单 册: | ||
| 中图分类: | H310.42 | |
| 科图分类: | ||
| 主题词: | 英语--ying yu--高等学校--水平考试--学习参考资料 | |
| 电子资源: | ||
| ISBN: | 7-302-12822-7 | |
| 000 | 01233nam 2200325 450 | |
| 001 | 012006492393 | |
| 005 | 20061129150548.03 | |
| 010 | @a7-302-12822-7@dCNY30.00 | |
| 100 | @a20061109d2006 km y0chiy0120 ea | |
| 101 | 0 | @achi@aeng |
| 102 | @aCN@b110000 | |
| 105 | @ay z 000yy | |
| 200 | 1 | @a破解大学英语四级新题型@Apo jie da xue ying yu si ji xin ti xing@i阅读分册@f马会娟 … [等] 主编@Fma hui juan…[deng]zhu bian@g解月, 杨微丽, 张莉编著@Gjie yue,yang wei li,zhang li bian zhu |
| 210 | @a北京@c清华大学出版社@d2006.02 | |
| 215 | @a322页@d23cm | |
| 225 | 2 | @a名师破解@Aming shi po jie |
| 304 | @a题名页题: 马会娟、管兴忠、鞠鸿达、李志岭 | |
| 330 | @a本书包括快速阅读、选词填空、简短问题回答、篇章阅读四大部分,深刻剖析了四种新题型的特点、考点分析、解题策略。 | |
| 410 | 0 | @12001 @a名师破解 |
| 606 | 0 | @a英语@Aying yu@x高等学校@x水平考试@j学习参考资料 |
| 690 | @aH310.42@v4 | |
| 701 | 0 | @a马会娟@Ama hui juan@4主编 |
| 701 | 0 | @a管兴忠@Aguan xing zhong@4主编 |
| 701 | 0 | @a李志岭@Ali zhi ling@4主编 |
| 701 | 0 | @a鞠鸿达@Aju hong da@4主编 |
| 702 | 0 | @a解月@Ajie yue@4编著 |
| 702 | 0 | @a杨微丽@Ayang wei li@4编著 |
| 702 | 0 | @a张莉@Azhang li@4编著 |
| 801 | 0 | @aCN@c20061129 |
| 905 | @apdsgxy@dH310.42@eM063 | |
| 破解大学英语四级新题型.阅读分册/马会娟 … [等] 主编/解月, 杨微丽, 张莉编著.-北京:清华大学出版社,2006.02 |
| 322页;23cm.-(名师破解) |
| ISBN 7-302-12822-7:CNY30.00 |
| 本书包括快速阅读、选词填空、简短问题回答、篇章阅读四大部分,深刻剖析了四种新题型的特点、考点分析、解题策略。 |
| ● |
| 相关链接 |
|
|
|
正题名:破解大学英语四级新题型
索取号:H310.42/M063
 
预约/预借
| 序号 | 登录号 | 条形码 | 馆藏地/架位号 | 状态 | 备注 |
| 1 | 227104 | 202271040 | 语言库209/209语言库 97排1列6层/ [索取号:H310.42/M063] | 在馆 | |
| 2 | 227105 | 202271059 | 语言库209/209语言库 97排1列6层/ [索取号:H310.42/M063] | 在馆 | |
| 3 | 227106 | 202271068 | 语言库209/209语言库 97排1列6层/ [索取号:H310.42/M063] | 在馆 |